000 00442nam a2200193Ia 4500
005 20250603144727.0
008 250603s9999 xx 000 0 und d
020 _a9781444122862
050 _aRJ 84.G7 .E94/
100 _aEwer, Andrew
245 0 _aCore clinical cases in paediatrics
250 _a2nd ed.
260 _aLondon
260 _bHodder arnold
260 _c2011
300 _a157 p
650 _aLondon
942 _cBK
999 _c39774
_d39774